000 00478nam a2200181Ia 4500
001 21348
005 20260306172912.0
008 260306t2022||||xx |||||||||||||| ||spa||
041 _aESP
082 _a344.528
_bM26
100 _aMartínez Huamán, Raúl Ernesto
_eAUT
245 0 _aDelitos contra la administración pública:
_bdebates fundamentales
260 _c2022
300 _a669 páginas :
_c25 cm.
650 _aGEN
654 _aCDE
942 _cLIB
_dJUS
_fJUS
_2ddc
_n
999 _c21348
_d21348